| 000 | 00513nam a2200181Ia 4500 | ||
|---|---|---|---|
| 005 | 20250508155242.0 | ||
| 008 | 008 250505s9999 xx 000 0 eng d | ||
| 037 | _aTextual | ||
| 040 |
_aFEDL _beng _cFEDL |
||
| 041 |
_aeng _2eng |
||
| 084 |
_a371.62, ASI _qFEDL |
||
| 245 | 0 | _aBuildings for education. Vol 1 No. 3 | |
| 245 | 0 | _cAsian Regional Instiute For School Building Research | |
| 300 | _a22p. | ||
| 546 | _aSeptember 1967 | ||
| 942 |
_cTEXL _h371.62, ASI |
||
| 999 |
_c1355516 _d1355516 |
||